[Event "6MCRV_F"]
[Site "?"]
[Date "2006.??.??"]
[Round "?"]
[White "Kostal, Jindrich"]
[Black "Bucek, Jiri"]
[Result "1/2-1/2"]
[WhiteElo "2391"]
[BlackElo "2354"]
[PlyCount "128"]
[EventDate "2006.??.??"]
[EventType "corr"]
[SourceDate "2006.09.12"]

1. e4 c5 2. Nf3 d6 3. d4 cxd4 4. Nxd4 Nf6 5. Nc3 a6 6. Be3 e6 7. f3 b5 8. a3
Bb7 9. Bd3 Nbd7 10. f4 Rc8 11. O-O Be7 12. Qf3 O-O 13. Bd2 Nc5 14. Rac1 Qb6 15.
Be3 b4 16. axb4 Qxb4 17. Rb1 Ba8 18. Kh1 Rfe8 19. Bg1 Nfxe4 20. Nxe4 f5 21. c3
Qb8 22. Nxe6 Nxd3 23. Qg3 g6 24. Qxd3 Bxe4 25. Qd4 Bf8 26. Ng5 Ba8 27. Qf6 Qb7
28. Nf3 Qf7 29. Qxf7+ Kxf7 30. Ra1 Bb7 31. Rf2 h6 32. h3 Re4 33. Nd2 Re3 34.
Kh2 Rce8 35. Ra4 d5 36. Nb3 Re1 37. Nd4 Rb1 38. Rc2 Re4 39. g3 g5 40. fxg5 hxg5
41. Kg2 f4 42. gxf4 gxf4 43. Ra2 Bd6 44. Rf2 Bc8 45. Rf3 Kg6 46. b4 Bc7 47. Rd2
Kg5 48. Bh2 Rbe1 49. Bg1 Re7 50. Bf2 Rb1 51. Rfd3 Rg7 52. Kh2 Bg4 53. Kg2 Bd7
54. Kh2 Bg4 55. Kg2 Bd7 56. Kh2 Kh6 57. Rf3 a5 58. bxa5 Bxa5 59. Ra2 Bc7 60.
Ra6+ Kg5 61. Ra2 Rh7 62. Kg2 Rg7 63. Kh2 Rh7 64. Kg2 Rg7 1/2-1/2

[Event "6MCRV_F"]
[Site "?"]
[Date "2006.??.??"]
[Round "?"]
[White "Jirku, Jaroslav"]
[Black "Pytlik, Lesek"]
[Result "1/2-1/2"]
[WhiteElo "2278"]
[BlackElo "2408"]
[PlyCount "72"]
[EventDate "2006.??.??"]
[EventType "corr"]
[SourceDate "2006.09.12"]

1. e4 e6 2. d4 d5 3. Nc3 Bb4 4. e5 c5 5. a3 Ba5 6. b4 cxd4 7. Nb5 Bc7 8. f4 Ne7
9. Nf3 Bd7 10. Nxc7+ Qxc7 11. Bd3 Ba4 12. Bb2 Nbc6 13. O-O Qb6 14. Rf2 Bb5 15.
Nxd4 Bxd3 16. Qxd3 a5 17. b5 Nxd4 18. Bxd4 Qc7 19. Rb1 Nf5 20. Rb3 Nxd4 21.
Qxd4 Rc8 22. f5 exf5 23. Qxd5 Qe7 24. Rxf5 Rc5 25. Qe4 g6 26. Rff3 O-O 27. Rfe3
Rfc8 28. e6 f5 29. Qf4 Rxc2 30. Rbd3 Rc1+ 31. Kf2 R1c4 32. Rd4 Rxd4 33. Qxd4
Rc2+ 34. Kg1 Rc1+ 35. Kf2 Rc2+ 36. Kg1 Rc1+ 1/2-1/2

[Event "6MCRV_F"]
[Site "?"]
[Date "2006.??.??"]
[Round "?"]
[White "Kuchta, Jiri"]
[Black "Jirku, Jaroslav"]
[Result "0-1"]
[WhiteElo "2240"]
[BlackElo "2278"]
[PlyCount "104"]
[EventDate "2006.??.??"]
[EventType "corr"]
[SourceDate "2006.09.12"]

1. Nf3 Nf6 2. d4 d5 3. c4 e6 4. Nc3 c6 5. e3 Nbd7 6. Bd3 dxc4 7. Bxc4 b5 8. Bd3
a6 9. Ne4 Bb7 10. Nxf6+ Nxf6 11. O-O c5 12. dxc5 Bxc5 13. Qe2 O-O 14. e4 h6 15.
e5 Nd7 16. Be4 Qb6 17. Bd2 a5 18. Bxb7 Qxb7 19. Rac1 Rfc8 20. Rfd1 b4 21. Bf4
Be7 22. b3 a4 23. Rxc8+ Rxc8 24. Be3 axb3 25. axb3 Bc5 26. Bc1 Nb6 27. Bb2 Nd5
28. Qe4 Qa7 29. Rd2 Qa2 30. Qd3 Nf4 31. Qe4 Ng6 32. Qd3 Bb6 33. Kf1 Rc5 34. g3
Rd5 35. Bd4 Qa8 36. Qe4 Bxd4 37. Rxd4 Nxe5 38. Rxb4 f5 39. Qe2 Ra5 40. Kg2 g5
41. h3 Qc6 42. g4 Rc5 43. Qe3 Kf7 44. Rb6 Qxb6 45. Nxe5+ Kg8 46. Nc4 Qc6+ 47.
f3 Rd5 48. Qc3 Qd7 49. gxf5 exf5 50. Qf6 Kh7 51. h4 gxh4 52. Qxh4 Qg7+ 0-1

[Event "6MCRV_F"]
[Site "?"]
[Date "2006.??.??"]
[Round "?"]
[White "Sykora, Josef"]
[Black "Novak, Vratislav"]
[Result "1-0"]
[WhiteElo "2374"]
[BlackElo "2267"]
[PlyCount "61"]
[EventDate "2006.??.??"]
[EventType "corr"]
[SourceDate "2006.09.12"]

1. e4 c5 2. Nf3 d6 3. d4 cxd4 4. Nxd4 Nf6 5. Nc3 a6 6. f3 e6 7. Be3 b5 8. g4 h6
9. Qd2 Nbd7 10. O-O-O Bb7 11. h4 b4 12. Na4 Qa5 13. b3 Nc5 14. a3 Nxa4 15. axb4
Qc7 16. bxa4 d5 17. e5 Nd7 18. f4 Nb6 19. Rh3 Qd7 20. Nb3 Nxa4 21. c4 Rb8 22.
c5 Bc8 23. Qd4 Qb7 24. Bd2 Bd7 25. Be2 Ra8 26. Qa1 Be7 27. f5 Bb5 28. Re1 Rc8
29. Bxb5+ axb5 30. f6 gxf6 31. exf6 1-0

[Event "6MCRV_F"]
[Site "?"]
[Date "2006.??.??"]
[Round "?"]
[White "Sykora, Josef"]
[Black "Schwarz, Jan"]
[Result "1-0"]
[WhiteElo "2374"]
[BlackElo "2286"]
[PlyCount "88"]
[EventDate "2006.??.??"]
[EventType "corr"]
[SourceDate "2006.09.12"]

1. c4 e5 2. Nc3 Nf6 3. Nf3 Nc6 4. g3 Bb4 5. Bg2 O-O 6. O-O e4 7. Ng5 Bxc3 8.
bxc3 Re8 9. f3 e3 10. d3 d5 11. Qb3 Na5 12. Qa3 c6 13. cxd5 cxd5 14. f4 Nc6 15.
Rb1 b6 16. Bb2 Bg4 17. c4 Qe7 18. Qc3 d4 19. Qc2 Bd7 20. Qb3 Na5 21. Qa3 Qxa3
22. Bxa3 Rad8 23. Rfc1 h6 24. Nf3 Be6 25. Rb5 Nc6 26. Bb2 Bd7 27. Ba1 Rc8 28.
Rb3 Bg4 29. Nxd4 Nxd4 30. Bxd4 Rcd8 31. Bxf6 gxf6 32. Re1 Be6 33. h3 Kg7 34. a4
Rc8 35. a5 bxa5 36. Rb7 a6 37. Ra7 a4 38. Rxa6 Bd7 39. Ra7 Bc6 40. Bxc6 Rxc6
41. Rb1 Rcc8 42. Rxa4 Rc7 43. Ra6 h5 44. Rbb6 h4 1-0

[Event "6MCRV_F"]
[Site "?"]
[Date "2006.??.??"]
[Round "?"]
[White "Trs, Jan"]
[Black "Brousek, Jiri"]
[Result "0-1"]
[WhiteElo "2313"]
[BlackElo "2252"]
[PlyCount "116"]
[EventDate "2006.??.??"]
[EventType "corr"]
[SourceDate "2006.09.12"]

1. e4 e6 2. d4 d5 3. Nc3 Nf6 4. e5 Nfd7 5. f4 c5 6. Nf3 Nc6 7. Be3 cxd4 8. Nxd4
Bc5 9. Qd2 O-O 10. O-O-O Nxd4 11. Bxd4 a6 12. Bxc5 Nxc5 13. Qd4 b6 14. Kb1 Bb7
15. h4 Qc7 16. h5 Ne4 17. Rh3 Rac8 18. h6 g6 19. Ka1 b5 20. Nxe4 dxe4 21. Rc3
Qe7 22. Rxc8 Rxc8 23. c3 Bd5 24. Qe3 Qh4 25. Be2 Qxh6 26. a3 Qh2 27. g3 Rb8 28.
Rb1 Bb3 29. Re1 a5 30. g4 Bc2 31. Qa7 Rd8 32. Qxa5 Qh4 33. Rf1 Bd3 34. Bxd3
exd3 35. f5 d2 36. Rd1 gxf5 37. gxf5 exf5 38. Qc7 h6 39. b3 Qg5 40. Kb2 f4 41.
Qb6 f3 42. e6 fxe6 43. Qxe6+ Kg7 44. Qb6 Rd7 45. Qf2 Qf5 46. Qg3+ Kf7 47. Qf2
h5 48. b4 Rd3 49. a4 bxa4 50. Qa7+ Kf6 51. Qxa4 f2 52. Qe8 Qf3 53. Qf8+ Ke6 54.
Qe8+ Kf5 55. Qf7+ Kg4 56. Qg8+ Kh3 57. Qc8+ Qg4 58. Qxg4+ hxg4 0-1

[Event "6MCRV_F"]
[Site "?"]
[Date "2006.??.??"]
[Round "?"]
[White "Novak, Vratislav"]
[Black "Hladecek, Miloslav"]
[Result "0-1"]
[WhiteElo "2267"]
[BlackElo "2302"]
[PlyCount "85"]
[EventDate "2006.??.??"]
[EventType "corr"]
[SourceDate "2006.09.12"]

1. e4 e6 2. d4 d5 3. Nc3 Nf6 4. e5 Nfd7 5. f4 c5 6. Nf3 Nc6 7. Be3 c4 8. Be2
Ne7 9. Bf2 Ng6 10. Qd2 Bb4 11. Be3 Qa5 12. a3 b5 13. Rb1 Bxc3 14. Qxc3 Qxc3+
15. bxc3 a6 16. Kf2 Nb6 17. h3 Bd7 18. h4 h5 19. Bd2 Nc8 20. Nh2 Nge7 21. Bf3
Nf5 22. g3 Nce7 23. Be2 f6 24. Rhe1 Kf7 25. Nf1 a5 26. Bf3 Rab8 27. Red1 Kg6
28. Bc1 b4 29. Bb2 Ba4 30. Rbc1 b3 31. cxb3 Rxb3 32. Rd2 fxe5 33. dxe5 Rb6 34.
Re1 Rc8 35. Bc1 d4 36. Be4 dxc3 37. Rd6 Rxd6 38. exd6 Nd5 39. Bxf5+ exf5 40.
Re5 Nf6 41. Rxa5 Ne4+ 42. Ke1 Nc5 43. Ke2 0-1

[Event "6MCRV_F"]
[Site "?"]
[Date "2006.??.??"]
[Round "?"]
[White "Kuta, Jiri"]
[Black "Trs, Jan"]
[Result "1-0"]
[WhiteElo "2308"]
[BlackElo "2252"]
[PlyCount "95"]
[EventDate "2006.??.??"]
[EventType "corr"]
[SourceDate "2006.09.12"]

1. e4 d6 2. d4 Nf6 3. Nc3 g6 4. f4 Bg7 5. Nf3 O-O 6. Bd3 Nc6 7. e5 dxe5 8. fxe5
Nh5 9. Be3 Bg4 10. Be2 f6 11. exf6 exf6 12. O-O Re8 13. Qd2 Qe7 14. Rae1 Rad8
15. a3 Kh8 16. Bd1 Qd7 17. Bf2 Ne7 18. h3 Bxf3 19. Bxf3 f5 20. Bxh5 gxh5 21.
Ne2 Nd5 22. Qg5 Bf6 23. Qxh5 Ne3 24. Bxe3 Rxe3 25. c3 Rg8 26. Nf4 Rxe1 27. Rxe1
Bxd4+ 28. Kh1 Bf6 29. Re6 Qb5 30. Qf3 Bh4 31. Ne2 c6 32. b4 Rf8 33. Nf4 Rg8 34.
Nh5 Qc4 35. Re5 Qa2 36. Rxf5 Be7 37. Qf1 Qe6 38. c4 Rg6 39. c5 Kg8 40. Qf4 Qc8
41. a4 b6 42. cxb6 axb6 43. a5 Bd6 44. Qf1 b5 45. Rf7 Qe6 46. Ra7 Qe8 47. Rg7+
Rxg7 48. Nf6+ 1-0

[Event "6MCRV_F"]
[Site "?"]
[Date "2006.??.??"]
[Round "?"]
[White "Trs, Jan"]
[Black "Hladecek, Miloslav"]
[Result "0-1"]
[WhiteElo "2313"]
[BlackElo "2306"]
[PlyCount "96"]
[EventDate "2006.??.??"]
[EventType "corr"]
[SourceDate "2006.09.12"]

1. c4 e5 2. Nc3 Nc6 3. Nf3 Nf6 4. g3 Bc5 5. Bg2 d6 6. O-O O-O 7. d3 h6 8. a3
Bb6 9. b4 Bg4 10. h3 Bf5 11. g4 Be6 12. Qc2 Nd7 13. Bb2 Qe8 14. Nd5 f5 15. gxf5
Rxf5 16. d4 Rh5 17. dxe5 dxe5 18. Rad1 Qf7 19. Kh2 a5 20. b5 Ne7 21. Nxe7+ Qxe7
22. Qg6 Rf5 23. e4 Rf6 24. Qg3 Raf8 25. Nxe5 Nxe5 26. Bxe5 Bxf2 27. Qc3 Rg6 28.
Rd2 Qc5 29. Kh1 Kh7 30. Rc2 a4 31. Rd1 Qe7 32. Rf1 Qh4 33. Re2 c5 34. bxc6 bxc6
35. c5 Bc8 36. Kh2 Ba6 37. Rfxf2 Rxf2 38. Rxf2 Qxf2 39. Bg3 Qa2 40. Kh1 Bc4 41.
h4 Qb1+ 42. Qe1 Qd3 43. Be5 Qxa3 44. Qf2 Qb3 45. Kh2 a3 46. Bd4 a2 47. Bb2 Qb8+
48. e5 Bd5 0-1

[Event "6MCRV_F"]
[Site "?"]
[Date "2006.??.??"]
[Round "?"]
[White "Brousek, Jiri"]
[Black "Kuta, Jiri"]
[Result "1/2-1/2"]
[WhiteElo "2315"]
[BlackElo "2308"]
[PlyCount "63"]
[EventDate "2006.??.??"]
[EventType "corr"]
[SourceDate "2006.09.12"]

1. d4 Nf6 2. Nf3 g6 3. Nc3 d5 4. Bf4 Bg7 5. e3 O-O 6. Be2 Bg4 7. Ne5 Bxe2 8.
Qxe2 c6 9. h4 a5 10. g4 Nbd7 11. h5 Nxe5 12. Bxe5 Ne4 13. Nxe4 dxe4 14. hxg6
hxg6 15. O-O-O Qd5 16. c4 Qe6 17. Qc2 a4 18. Bxg7 Kxg7 19. g5 a3 20. b4 Rh8 21.
Qc3 f6 22. gxf6+ Qxf6 23. Rhf1 Rh5 24. Kc2 e6 25. Kb1 Kh6 26. Rd2 Qf8 27. Kc2
Qf3 28. Kb3 Qf5 29. Rfd1 Qf8 30. c5 Qf5 31. Kc2 Rh2 32. Kb1 1/2-1/2

[Event "6MCRV_F"]
[Site "?"]
[Date "2006.??.??"]
[Round "?"]
[White "Priesol, Daniel"]
[Black "Trs, Jan"]
[Result "1/2-1/2"]
[WhiteElo "2288"]
[BlackElo "2252"]
[PlyCount "95"]
[EventDate "2006.??.??"]
[EventType "corr"]
[SourceDate "2006.09.12"]

1. e4 c5 2. Nf3 d6 3. d4 cxd4 4. Nxd4 Nf6 5. Nc3 e6 6. Be3 Be7 7. Qf3 O-O 8.
O-O-O Nc6 9. Nxc6 bxc6 10. g4 Qa5 11. Bd2 Qc7 12. h4 Rb8 13. h5 d5 14. g5 Nd7
15. Bf4 e5 16. Bd2 d4 17. Na4 Nb6 18. Nxb6 Qxb6 19. b3 Be6 20. Qg3 c5 21. h6 g6
22. Qxe5 f6 23. gxf6 Bxf6 24. Qxe6+ Qxe6 25. Bc4 Qxc4 26. bxc4 Rbe8 27. f3 Re6
28. a4 Bd8 29. Rhf1 Ra6 30. a5 Bxa5 31. Bxa5 Rxa5 32. Kd2 Ra6 33. Rb1 g5 34.
Rb5 Rxh6 35. Rxc5 Rg6 36. Ke2 h6 37. Rd5 Ra6 38. Rxd4 Rc6 39. Ra1 a6 40. Ra5
Rfc8 41. f4 gxf4 42. Kf3 Rxc4 43. Rxc4 Rxc4 44. Rxa6 Rxc2 45. Rxh6 Kf7 46. Kxf4
Rc5 47. Rd6 Ke7 48. Rb6 1/2-1/2

[Event "6MCRV_F"]
[Site "?"]
[Date "2006.??.??"]
[Round "?"]
[White "Pytlik, Lesek"]
[Black "Hladecek, Miloslav"]
[Result "0-1"]
[WhiteElo "2408"]
[BlackElo "2306"]
[PlyCount "88"]
[EventDate "2006.??.??"]
[EventType "corr"]
[SourceDate "2006.09.12"]

1. Nf3 d5 2. g3 Nc6 3. Bg2 e5 4. d3 Nf6 5. O-O Bd6 6. Nc3 d4 7. Nb5 Be7 8. a4
Be6 9. c3 O-O 10. cxd4 exd4 11. e3 dxe3 12. Bxe3 Qd7 13. Nbd4 Nxd4 14. Bxd4
Rfe8 15. Re1 c6 16. a5 a6 17. Bc3 Rad8 18. Ne5 Qc8 19. Rc1 Nd5 20. d4 Bg5 21.
Bd2 Bf6 22. Qh5 Nc7 23. Bc3 g6 24. Qh6 Nb5 25. Qf4 Bg7 26. Bf1 Rd5 27. Bxb5
axb5 28. Re3 Red8 29. b4 f6 30. Nd3 Rh5 31. Rce1 Bd5 32. g4 Rh4 33. Rg3 Rf8 34.
Nc5 Rf7 35. Qe3 Bf8 36. h3 h5 37. gxh5 g5 38. Bd2 Rxh5 39. Qd3 Rg7 40. Ne4 Rh6
41. f3 Qc7 42. Kf2 Kh8 43. Reg1 Qf7 44. Qe3 Rgh7 0-1

[Event "6MCRV_F"]
[Site "?"]
[Date "2006.??.??"]
[Round "?"]
[White "Kostal, Jindrich"]
[Black "Priesol, Daniel"]
[Result "1-0"]
[WhiteElo "2391"]
[BlackElo "2288"]
[PlyCount "105"]
[EventDate "2006.??.??"]
[EventType "corr"]
[SourceDate "2006.09.12"]

1. e4 e5 2. Nf3 Nf6 3. Nxe5 d6 4. Nf3 Nxe4 5. d4 d5 6. Bd3 Bd6 7. O-O O-O 8. c4
c6 9. Re1 Re8 10. Qb3 Na6 11. c5 Bc7 12. Nc3 Nxc3 13. Rxe8+ Qxe8 14. bxc3 Rb8
15. Bd2 Qd8 16. Re1 Bg4 17. Ne5 Bxe5 18. Rxe5 Nc7 19. Qb1 h6 20. Qc1 Qf6 21.
Bf4 Re8 22. Bg3 Rxe5 23. Bxe5 Qe7 24. Bd6 Qd7 25. h3 Be6 26. Qb2 Ne8 27. Bb8 a6
28. Be5 f6 29. Bg3 g5 30. a4 Ng7 31. a5 Bf5 32. Be2 Be6 33. Bd6 Ne8 34. Bg3 Ng7
35. Qb6 Qc8 36. Bd6 Bf5 37. Kf1 Bg6 38. Qb3 Ne8 39. c4 Bf7 40. cxd5 Bxd5 41.
Qb1 Ng7 42. Bd3 Qd7 43. Kg1 Be6 44. Qb2 Kf7 45. g4 h5 46. f3 f5 47. Qd2 hxg4
48. hxg4 f4 49. Qh2 Bxg4 50. fxg4 Qxg4+ 51. Kf2 Qd1 52. Qh7 Qd2+ 53. Be2 1-0

[Event "6MCRV_F"]
[Site "?"]
[Date "2006.??.??"]
[Round "?"]
[White "Pecka, Josef"]
[Black "Trs, Jan"]
[Result "1-0"]
[WhiteElo "2261"]
[BlackElo "2252"]
[PlyCount "125"]
[EventDate "2006.??.??"]
[EventType "corr"]
[SourceDate "2006.09.12"]

1. e4 c6 2. d4 d5 3. e5 Bf5 4. Ne2 e6 5. Ng3 Ne7 6. Nd2 Bg6 7. h4 h6 8. h5 Bh7
9. Bd3 Bxd3 10. cxd3 c5 11. dxc5 Nec6 12. O-O Bxc5 13. Nb3 Be7 14. d4 O-O 15.
Qg4 Kh8 16. f4 f5 17. exf6 Bxf6 18. Be3 Na6 19. Bf2 Qd7 20. Rae1 Rae8 21. Ne2
b6 22. Qh3 Rc8 23. Nec1 Nc7 24. Nd3 Ne7 25. Rc1 Kg8 26. g4 a5 27. Nd2 Nb5 28.
Nf3 Rxc1 29. Rxc1 Nc6 30. Nfe5 Bxe5 31. dxe5 Rb8 32. Qf3 Nba7 33. f5 Rf8 34.
Nf4 Nxe5 35. Qe2 Nac6 36. Nxe6 Rc8 37. Kg2 Qb7 38. Kh3 a4 39. Qb5 a3 40. b3 Qd7
41. Bg3 Nf7 42. Bf4 d4 43. Qxb6 d3 44. Qb5 Kh7 45. Rd1 Qa7 46. Qxd3 Nb4 47. Qe4
Qf2 48. Bg3 Qc2 49. Qd4 Qc3 50. Qxc3 Rxc3 51. Rd7 Kg8 52. Rb7 Nc6 53. Rc7 Ng5+
54. Kh2 Rc2+ 55. Kg1 Rc1+ 56. Kf2 Rc2+ 57. Ke1 Nxe6 58. fxe6 Nd4 59. Rxc2 Nxc2+
60. Kd2 Nd4 61. e7 Kf7 62. Kd3 Nc6 63. Bd6 1-0

[Event "6MCRV_F"]
[Site "?"]
[Date "2006.??.??"]
[Round "?"]
[White "Kostal, Jindrich"]
[Black "Jirku, Jaroslav"]
[Result "1/2-1/2"]
[WhiteElo "2391"]
[BlackElo "2278"]
[PlyCount "97"]
[EventDate "2006.??.??"]
[EventType "corr"]
[SourceDate "2006.09.12"]

1. e4 e5 2. Nf3 Nc6 3. Bb5 a6 4. Ba4 Nf6 5. O-O Be7 6. Re1 b5 7. Bb3 d6 8. c3
O-O 9. h3 Na5 10. Bc2 c5 11. d4 Qc7 12. Nbd2 cxd4 13. cxd4 Bb7 14. d5 Rac8 15.
Bd3 Nd7 16. Nf1 f5 17. Ng3 f4 18. Nf5 Bd8 19. b3 g6 20. Nh6+ Kg7 21. Ng4 Qb6
22. Bd2 h5 23. Ngh2 Nc5 24. Bf1 b4 25. Rb1 Nd7 26. Qe2 Rb8 27. Rec1 Nc5 28. Ne1
Bh4 29. Kh1 Bc8 30. Nc2 Naxb3 31. axb3 a5 32. Be1 Qd8 33. Kg1 Qd7 34. Rb2 Bd8
35. Bd2 Bb6 36. Bxb4 axb4 37. Nxb4 Bb7 38. Rc4 Ra8 39. Nf3 Ra3 40. Qd1 Rfa8 41.
Nd3 Nxd3 42. Bxd3 Qd8 43. Rc1 Bc8 44. Be2 g5 45. Nd2 g4 46. Nc4 Bd4 47. Rd2 f3
48. Bxf3 gxf3 49. Qxf3 1/2-1/2

[Event "6MCRV_F"]
[Site "?"]
[Date "2006.??.??"]
[Round "?"]
[White "Jirku, Jaroslav"]
[Black "Trs, Jan"]
[Result "1/2-1/2"]
[WhiteElo "2278"]
[BlackElo "2252"]
[PlyCount "111"]
[EventDate "2006.??.??"]
[EventType "corr"]
[SourceDate "2006.09.12"]

1. e4 c6 2. d4 d5 3. Nc3 dxe4 4. Nxe4 Bf5 5. Ng3 Bg6 6. h4 h6 7. Nf3 Nd7 8. h5
Bh7 9. Bd3 Bxd3 10. Qxd3 Ngf6 11. Bf4 e6 12. O-O-O Be7 13. Ne5 O-O 14. c4 c5
15. d5 Nxe5 16. Bxe5 Ng4 17. Bxg7 Bg5+ 18. Kb1 Nxf2 19. Qf3 Nxd1 20. Bxf8 Nxb2
21. Kxb2 Qb6+ 22. Qb3 Bf6+ 23. Kb1 Kxf8 24. Ne4 Qxb3+ 25. axb3 Bd4 26. dxe6
fxe6 27. g4 Ke7 28. g5 Rh8 29. Kc2 hxg5 30. Nxg5 Bg7 31. Re1 Rh6 32. Kd3 b6 33.
Rf1 Bf6 34. Ne4 Bd4 35. Rh1 a6 36. b4 Kd7 37. bxc5 bxc5 38. Nd2 Kc6 39. Nf3 Bg7
40. Ke4 Kd6 41. Ng5 Ke7 42. Kf3 Rf6+ 43. Ke2 Rf4 44. h6 Rg4 45. Nxe6 Kxe6 46.
hxg7 Rxg7 47. Rh6+ Ke5 48. Rxa6 Kd4 49. Ra4 Rg2+ 50. Kd1 Kd3 51. Kc1 Kc3 52.
Ra3+ Kb4 53. Rf3 Kxc4 54. Rh3 Kd4 55. Rf3 c4 56. Rf4+ 1/2-1/2

[Event "6MCRV_F"]
[Site "?"]
[Date "2006.??.??"]
[Round "?"]
[White "Pytlik, Lesek"]
[Black "Kostal, Jindrich"]
[Result "1/2-1/2"]
[WhiteElo "2403"]
[BlackElo "2391"]
[PlyCount "89"]
[EventDate "2006.??.??"]
[EventType "corr"]
[SourceDate "2006.09.12"]

1. e4 e5 2. Nf3 Nc6 3. Bb5 a6 4. Ba4 Nf6 5. O-O Be7 6. Re1 b5 7. Bb3 O-O 8. a4
b4 9. d3 d6 10. Nbd2 Na5 11. Ba2 c5 12. Nc4 Nc6 13. Bd2 Rb8 14. h3 h6 15. Ne3
Be6 16. Bc4 Qc8 17. Qe2 Na5 18. Ba2 Qd7 19. Bxe6 fxe6 20. Nc4 Nxc4 21. dxc4 Nh5
22. Qd3 Qe8 23. b3 Qg6 24. Rad1 Rf7 25. Re2 Rbf8 26. Nh2 Rd8 27. Kh1 Nf6 28.
Rde1 Rdf8 29. Re3 Nh5 30. Rf3 Bh4 31. Re2 Nf6 32. Rfe3 Rd7 33. Nf3 Bg5 34. Nxg5
Qxg5 35. c3 bxc3 36. Qxc3 Qh4 37. Kg1 Rc8 38. Bc1 Rb8 39. Qa5 Ra7 40. Re1 Kh7
41. Rg3 Rf7 42. Qd2 Ne8 43. Qc2 Qxe4 44. Ba3 Rc8 45. Qb1 1/2-1/2

[Event "6MCRV_F"]
[Site "?"]
[Date "2006.??.??"]
[Round "?"]
[White "Trs, Jan"]
[Black "Kostal, Jindrich"]
[Result "1-0"]
[WhiteElo "2313"]
[BlackElo "2391"]
[PlyCount "115"]
[EventDate "2006.??.??"]
[EventType "corr"]
[SourceDate "2006.09.12"]

1. d4 Nf6 2. c4 g6 3. Nc3 d5 4. Bf4 Nh5 5. Be5 f6 6. Bg3 e6 7. e3 c6 8. Bd3 Nd7
9. cxd5 exd5 10. Nge2 f5 11. Qc2 Ndf6 12. Be5 Bh6 13. O-O-O O-O 14. Ng3 Ng7 15.
h4 Ng4 16. h5 Nxe5 17. dxe5 g5 18. e4 Qe7 19. exd5 Qxe5 20. Rhe1 Qf6 21. Qb3
g4+ 22. Kb1 Kh8 23. Bc2 Bf4 24. Nge2 Be5 25. f4 Bd6 26. h6 Qxh6 27. Rh1 Qg6 28.
Rh2 Rb8 29. Rdh1 h5 30. Qa4 b5 31. Qd4 c5 32. Rxh5+ Qxh5 33. Rxh5+ Kg8 34. Qd3
Nxh5 35. Nxb5 Ba6 36. Ba4 Ng7 37. Nec3 Bxf4 38. d6 Kh7 39. d7 Bg5 40. Qd6 Bb7
41. Nd5 Rbd8 42. Nbc7 c4 43. Qb4 Bxd5 44. Nxd5 Rf7 45. Qxc4 Rdxd7 46. Bxd7 Rxd7
47. a4 Rd6 48. Qc5 Rd7 49. b4 Rf7 50. g3 Ne6 51. Qc4 Bh6 52. Ne3 Ng5 53. Qd3
Kg6 54. Nxg4 Bg7 55. Ne3 Ne4 56. g4 Kg5 57. Nxf5 Rxf5 58. gxf5 1-0

[Event "6MCRV_F"]
[Site "?"]
[Date "2006.??.??"]
[Round "?"]
[White "Valak, Alois"]
[Black "Jirku, Jaroslav"]
[Result "1/2-1/2"]
[WhiteElo "2354"]
[BlackElo "2278"]
[PlyCount "133"]
[EventDate "2006.??.??"]
[EventType "corr"]
[SourceDate "2006.09.12"]

1. e4 e5 2. Nf3 Nc6 3. d4 exd4 4. Bc4 Nf6 5. e5 d5 6. Bb5 Ne4 7. Nxd4 Bd7 8.
Bxc6 bxc6 9. O-O c5 10. Ne2 Bc6 11. f3 Ng5 12. Nd2 d4 13. Rf2 Qd7 14. Nb3 Ne6
15. f4 g6 16. Na5 O-O-O 17. b3 Be7 18. Qd3 c4 19. bxc4 Ba8 20. Nb3 Bh4 21. Ng3
Qc6 22. Bd2 h5 23. Rc1 Rd7 24. Rb1 Bxg3 25. Qxg3 Qxc4 26. Rb2 h4 27. Qh3 Rdd8
28. Na5 Qd5 29. Nb3 c5 30. Na5 c4 31. Bb4 Rh5 32. Rb1 Rd7 33. a3 Rf5 34. Rbf1
c3 35. Nb3 Qe4 36. Nc5 Nxc5 37. Bxc5 Bd5 38. Bd6 Bc4 39. Rd1 g5 40. Qg4 Kb7 41.
h3 d3 42. Kh2 Ka6 43. cxd3 Bxd3 44. Rc1 c2 45. Rd2 Rb7 46. fxg5 Rb1 47. Qxe4
Bxe4 48. Rdxc2 Bxc2 49. Rxc2 Rxg5 50. Be7 Rxe5 51. Bxh4 f5 52. Bg3 Rd5 53. Bf2
Kb7 54. Rc3 a5 55. h4 Rb2 56. Rf3 Kc6 57. Kh3 Rb8 58. Kh2 Kd7 59. Bg3 Rb1 60.
Bf4 a4 61. Bg5 Rb3 62. Rf4 Rxa3 63. h5 Ke6 64. h6 Rb5 65. Rd4 Rb7 66. Bf4 Kf7
67. Bd6 1/2-1/2

[Event "6MCRV_F"]
[Site "?"]
[Date "2006.??.??"]
[Round "?"]
[White "Jirku, Jaroslav"]
[Black "Sykora, Josef"]
[Result "1-0"]
[WhiteElo "2278"]
[BlackElo "2374"]
[PlyCount "133"]
[EventDate "2006.??.??"]
[EventType "corr"]
[SourceDate "2006.09.12"]

1. e4 c6 2. d4 d5 3. Nc3 dxe4 4. Nxe4 Nd7 5. Nf3 Ngf6 6. Ng3 c5 7. Bc4 b5 8.
Be2 e6 9. O-O a6 10. c4 bxc4 11. Bxc4 Bb7 12. Re1 Be7 13. b3 O-O 14. Bb2 Nb6
15. Bf1 cxd4 16. a3 Qd6 17. Nxd4 Rfd8 18. Qd2 Nbd5 19. b4 Nf4 20. Red1 Ng6 21.
Qe1 Qb6 22. Nb3 Bc6 23. Bd4 Qb8 24. Nc5 Bb5 25. Bxf6 Bxf6 26. Rxd8+ Bxd8 27.
Qe4 Be7 28. Rc1 Qe8 29. Nb3 Bg5 30. Rc2 Ba4 31. Qf3 Nh4 32. Qg4 h6 33. Rc3 f5
34. Qh5 g6 35. Qd1 a5 36. Qd4 Rd8 37. Qc4 axb4 38. axb4 Rd1 39. Nd4 Bd7 40. b5
Qb8 41. Nge2 Qa8 42. Nc6 Qa1 43. Ng3 Qa8 44. Qb3 Rd6 45. Ne5 Qb7 46. Nc4 Rd5
47. b6 Bd8 48. Ne2 Rb5 49. Qa3 Rb1 50. Rc1 Rxc1 51. Nxc1 g5 52. Qb4 f4 53. Nd3
Bc6 54. Nc5 Qe7 55. Ne5 Bd5 56. Qb5 Nf5 57. Ng6 Qf7 58. b7 Bc7 59. b8=Q+ Bxb8
60. Qxb8+ Kg7 61. Ne5 Qe7 62. Qb6 Nd6 63. Ncd7 Nf7 64. Bd3 Qa3 65. Qd4 Nxe5 66.
Qxe5+ Kg8 67. Qb8+ 1-0

[Event "6MCRV_F"]
[Site "?"]
[Date "2006.??.??"]
[Round "?"]
[White "Kuta, Jiri"]
[Black "Hladecek, Miloslav"]
[Result "1-0"]
[WhiteElo "2308"]
[BlackElo "2302"]
[PlyCount "127"]
[EventDate "2006.??.??"]
[EventType "corr"]
[SourceDate "2006.09.12"]

1. d4 Nf6 2. c4 e6 3. Nf3 d5 4. g3 dxc4 5. Bg2 Bd7 6. Ne5 Bc6 7. Nxc6 Nxc6 8.
O-O Qd7 9. e3 Rd8 10. Qe2 e5 11. Nc3 Qe6 12. d5 Nxd5 13. Nxd5 Rxd5 14. Bxd5
Qxd5 15. Rd1 Qe6 16. Bd2 h5 17. Rac1 b5 18. b3 h4 19. bxc4 hxg3 20. fxg3 b4 21.
c5 Be7 22. Rc2 Bg5 23. Bc1 e4 24. Qc4 Ke7 25. Qa6 Rb8 26. Kg2 Kf8 27. Qc4 Ke7
28. Bb2 Bh6 29. Qe2 f6 30. h3 Rd8 31. Rxd8 Kxd8 32. Qc4 Ke7 33. Qxe6+ Kxe6 34.
Kf2 g6 35. Rc1 f5 36. g4 fxg4 37. Rg1 Bg5 38. Rxg4 Kf5 39. Ke2 a5 40. Bg7 a4
41. Bh8 Na5 42. c6 Nxc6 43. Rg1 Ne7 44. Rd1 b3 45. a3 Ke6 46. Rd4 Kf5 47. Rxa4
Nd5 48. Ra5 c6 49. Rc5 Be7 50. Rxc6 Bxa3 51. Rc8 Bd6 52. Bb2 Bc7 53. Ra8 Nb4
54. Ra3 Nd3 55. Rxb3 Be5 56. Ba3 g5 57. Rb5 Ke6 58. Bc5 Bf6 59. Bd4 Be7 60. Kd2
Bb4+ 61. Kc2 Be7 62. Kc3 Nf2 63. Re5+ Kd7 64. Kc4 1-0